000 00721nam a2200289Ia 4500
005 20260324145436.0
008 008 260324s9999 xx 000 0 eng d
020 _a9780203988060
037 _aEBOOK
040 _aCRL
040 _beng
040 _cCRL
041 _2eng
041 _aeng
084 _qCRL
100 _aBoniface I. Obichere
_91222979
245 0 _aStudies in Southern Nigerian History
245 2 _bA Festschrift for Joseph Christopher Okwudili Anene 1918-68
260 _bTaylor and Francis
260 _c1982
365 _a
365 _b230
856 _uhttp://www.taylorfrancis.com/books/9780203988060
942 _cEBOOK
999 _c1830891
_d1830891